000 00811cab a2200301 4500
001 ABS44203
008 090401t1991 xxu||||| |||| 00| 0 eng d
035 _a(Sirsi) u45802
041 _aeng
100 _aPitts, G.
245 2 _aA bright new future for timber frame
260 _c1991
350 _a0
490 _aASI Journal
_v2 (6) March 1991, 21-23 (3)
520 _aDiscusses the advantages of Ecowall , a new timber-frame building technique.
650 _aBS 5268-6
650 _aDURABILITY
650 _aENERGY EFFICIENCY
650 _aFIRE RISK
650 _aFOUNDATION 15
650 _aNATIONAL HOME ENERGY RATING SYSTEM
650 _aNHBC
650 _aTRADA
650 _aVENTILATION
690 _aBUILT ENVIRONMENT-BUILDING MATERIALS
942 _n0
948 _c04/03/1997
999 _c28978
_d28978